000 00587nam a2200181Ia 4500
008 090201s9999 xx 000 0 und d
010 _aKPL-66021
040 _bमराठी
041 _aमराठी
082 _a1431
_b66021
100 _a रजनीश
245 _aसंभोगातुन समाधीकडे
_c रजनीश
250 _a2
260 _c1972
_bजीवन जागृती केंद्र प्रकाश
300 _a136
_bमध्यम
600 _aसंभोगातुन समाधीकडे
942 _cBOOK
999 _c202522
_d202522